Responses for Show #4239 - Thursday, January 23, 2003

Contestants

[<< previous game]

Eric Tengler, a respiratory therapist from Chicago, Illinois

Jen Bradbury, a high school teacher from Burlington, Washington

Todd Simkin, a derivatives trader from Wynnewood, Pennsylvania (whose 1-day cash winnings total $3,201)

[next game >>]

Jeopardy! Round responses

AMERICAN LITERATURE
THE MARTINI, ET AL.
MR. PRESIDENT
STUPID ANSWERS
(Alex: I love that category!)
DUET TO ME ONE MORE TIME
CROSSWORD CLUES "T"
    $200 2
"To Kill a Mockingbird"

Todd
    $200 12
onion

Todd
    $200 9
(Todd: Who is Benjamin Harrison?)

Dwight D. Eisenhower

Todd
Triple Stumper
    $200 13
(Alex: Yeah, well done!)

Florence

Todd
    $200 22
David Hasselhoff

Jen
    $200 1
theology

Jen
    $400 5
Amontillado

Eric
    $400 16
Rossi

Todd
    $400 27
Theodore Roosevelt

Eric
    $400 14
afterbirth

Jen
    $400 23
Barbra Streisand

Triple Stumper
    $400 3
Tobago

Eric
    $800 6
Hester Prynne

Eric
    $600 19
(Todd: What is Tanqueray?)

Beefeater

Todd
Triple Stumper
    $600 28
(Todd: Who is Thomas Jefferson?)

John Adams

Todd
Triple Stumper
    $600 15
(Alex: I hate to break up this STUPID ANSWERS category because it always plays so well on our show!)

Love Story

Eric
    $600 24
Jessica Simpson

Jen
    $600 4
Timon

Jen
    $800 7
Gentlemen Prefer Blondes

Triple Stumper
    $800 20
(Eric: What is From Russia with Love?)

Casino Royale

JenEric
    $800 29
Grover Cleveland

Triple Stumper
    $800 17
Kodiak bear

Jen
    $800 25
Phil Collins

Eric
    $800 10
(Jen: What is treacle?)
(Todd: What is tartuffo?)

tiramisu

ToddJenEric
    $1000 8
Billy Bathgate

Jen
    $1000 21
Southern Comfort

Triple Stumper
    $1000 30
James K. Polk

Triple Stumper
    $1000 18
hydrogen

Todd
    $1000 26
Julio Iglesias

Triple Stumper
    $1000 11
Tevye

Todd

Scores at the first commercial break (after clue 15):

Todd Jen Eric
$600 $1,400 $3,000

Scores at the end of the Jeopardy! Round:

Todd Jen Eric
$800 $3,800 $3,400

Double Jeopardy! Round responses

NAMES IN SCIENCE
THE DIRECTOR'S CHAIR
POP STARS
EDEN'S CRUSH
MAKING THE BAND
"O" TOWN
    $400 12
Andre-Marie Ampere

Triple Stumper
    $400 7
Quentin Tarantino

Jen
    $400 14
Pepsi

Jen
    $400 26
Barbara Eden

Todd
    $400 6
Merry Men

Jen
    $400 1
Osaka

Todd
    $800 13
Hubble Space Telescope

Jen
    $800 8
Steven Spielberg

Eric
    $800 15
(Jen: What is Snapple?)
(Eric: What is Stewart's?)
(Todd: What is Dr. Brown's?)

Hansen's

ToddJenEric
Triple Stumper
    $800 27
East of Eden

Eric
    $800 22
John Brown

Eric
    $800 2
(Eric: [No response])
(Jen: What is Ontario?)

Ottawa

JenEric
Triple Stumper
    $1200 19
Pascal

Jen
    $1200 9
Steven Soderbergh

Eric
    $1200 16
root beer

Todd
    $1200 28
speed skating

Eric
    $1200 23
Chief Joseph

Jen
    $2,000 3
Oslo

Todd
    $1600 20
Bohrium (for Niels Bohr)

Todd
    $1600 10
Roman Polanski

Triple Stumper
    $1600 17
Dr. Pepper

Jen
    $1600 29
Egypt (over the Suez Canal)

Triple Stumper
    $1600 24
(Alex: Minute to go now, Jen.)

India

Triple Stumper
    $1600 4
Odessa

Eric
    $4,000 21
(Todd: Who is Jacobs?)

Alfons Jakob

Todd
    $2000 11
Milos Forman

Triple Stumper
    $2000 18
Sierra Mist

Todd
    $2000 30
Carl Sagan

Eric
    $2000 25
(Eric: Who is Ponce de Leon?)

Cabeza de Vaca

Eric
Triple Stumper
    $2000 5
Otranto

Triple Stumper

Scores at the end of the Double Jeopardy! Round:

Todd Jen Eric
$3,600 $8,200 $8,200

[wagering suggestions for these scores]

Final Jeopardy! Round responses

HISTORIC NAMES
(Alex: Who is Clay Spencer?)
(Todd: My college roommate!)
ToddWho is Clay Spencer?
$0
JenWho is Cook?
$1,800
EricWho is Cook
$8,200
Captain William Bligh (after he got bounced off the Bounty)

Final scores:

Todd Jen Eric
$3,600 $6,400 $0
2nd place: $2,000 New champion: $6,400 3rd place: $1,000

Game dynamics:

Coryat scores:

Todd Jen Eric
$6,800 $8,200 $8,000
12 R
(including 1 DD),
6 W
(including 1 DD)
15 R,
3 W
14 R
(including 1 DD),
4 W

Combined Coryat: $23,000

[game clues] [game scores] [suggest correction]

Game tape date: 2002-10-23
The J! Archive is created by fans, for fans. Scraping, republication, monetization, and malicious use prohibited; this site may use cookies and collect identifying information. See terms. The Jeopardy! game show and all elements thereof, including but not limited to copyright and trademark thereto, are the property of Jeopardy Productions, Inc. and are protected under law. This website is not affiliated with, sponsored by, or operated by Jeopardy Productions, Inc. Join the discussion at JBoard.tv.